[Event "South Island-ch"]
[Site "Dunedin"]
[Date "2004.09.26"]
[Round "4"]
[White "Wright, Chris"]
[Black "Dowden, R Anthony"]
[Result "0-1"]
[WhiteElo "1384"]
[BlackElo "2215"]
[PlyCount "76"]
[EventDate "2004.09.25"]
[EventType "swiss"]
[EventRounds "8"]
[EventCountry "NZL"]
[SourceTitle "EXT 2018"]
[Source "ChessBase"]
[SourceDate "2017.10.13"]
[SourceVersion "1"]
[SourceVersionDate "2017.10.13"]
[SourceQuality "1"]

1. d4 Nf6 2. c4 c5 3. d5 e6 4. Nc3 exd5 5. cxd5 d6 6. e4 g6 7. Bf4 Nh5 8. Qd2 Nxf4 9. Qxf4 Bg7 10. Bb5+ Kf8 11. Nge2 a6 12. Bd3 b5 13. 0-0 h5 14. Qe3 Ra7 15. f4 Re7 16. Kh1 b4 17. Nd1 Nd7 18. f5 Bh6 19. Qg3 Ne5 20. fxg6 c4 21. Bc2 h4 22. Qxh4 Nxg6 23. Qf6 Kg8 24. Ng3 Bg7 25. Qg5 Bh6 26. Qf6 Bg7 27. Qg5 Qe8 28. Nh5 Rxh5 29. Qxh5 Re5 30. Qf3 Rg5 31. Ne3 Ne5 32. Qe2 a5 33. Nf5 Ng4 34. Nxg7 Qe5 35. g3 Rxg7 36. Qxc4 Bd7 37. Rae1 Nxh2 38. Kxh2 Qxg3+ 0-1